El retracto convencional

Enregistré dans:
Détails bibliographiques
Auteur principal: Rivera Sabatés, Vidal (Auteur)
Format: Livre
Langue:espagnol
Publié: Granada Comares 2001
Collection:Biblioteca Comares de Ciencia Jurídica. Colección Estudios de Derecho Privado, 21
Sujets:
Tags: Ajouter un tag
Pas de tags, Soyez le premier à ajouter un tag!

MARC

LEADER 00000nam a2200000 a 4500
001 UCM8818
003 CL-VaPUC
008 030328e20010000SP |||||||||||||||||spa|d
082 0 4 |a 346.02  |b RIV  |2 21 
100 0 |a Rivera Sabatés, Vidal  |e author  |9 475031 
245 1 3 |a El retracto convencional 
300 |a 437 p 
942 |c BK 
945 |d 20030328 00:00:00  |a cmena 
260 |a Granada  |b Comares  |c 2001 
650 0 |a Contratos  |9 255153 
650 0 |a Responsabilidad contractual  |9 256720 
650 0 |a Derecho privado  |9 258243 
650 0 |a Derecho comercial   |9 256340 
583 |a last modification  |c 20030328 00:00:00  |k Rodrigo Vera 
490 0 |a Biblioteca Comares de Ciencia Jurídica. Colección Estudios de Derecho Privado, 21 
999 |c 303239  |d 303237 
952 |0 0  |1 0  |4 0  |6 346_020000000000000_RIV_2001  |7 0  |8 A  |9 364403  |a BIBDER  |b BIBDER  |d 2019-11-21  |i 3876977  |o 346.02 RIV 2001  |p 3876977  |r 2023-01-25  |w 2019-11-21  |y BK  |k DER